Pathology of domestic animals / (Record no. 856751)
[ view plain ]
| 000 -LEADER | |
|---|---|
| fixed length control field | 00917nam a2200313 a 4500 |
| 001 - CONTROL NUMBER | |
| control field | vtls001402289 |
| 003 - CONTROL NUMBER IDENTIFIER | |
| control field | NLI |
| 005 - DATE AND TIME OF LATEST TRANSACTION | |
| control field | 20210627113038.0 |
| 008 - FIXED-LENGTH DATA ELEMENTS--GENERAL INFORMATION | |
| fixed length control field | 121127m1963uuuunyua 001 0 eng |
| 020 ## - INTERNATIONAL STANDARD BOOK NUMBER | |
| Terms of availability | USD 18.00 |
| 039 #9 - LEVEL OF BIBLIOGRAPHIC CONTROL AND CODING DETAIL [OBSOLETE] | |
| -- | 201211272016 |
| -- | VLOAD |
| 040 ## - CATALOGING SOURCE | |
| Original cataloging agency | NLI |
| Language of cataloging | eng |
| Transcribing agency | Datasoft_2012 |
| Description conventions | AACR2 |
| 041 0# - LANGUAGE CODE | |
| Language code of text/sound track or separate title | eng |
| 044 ## - COUNTRY OF PUBLISHING/PRODUCING ENTITY CODE | |
| MARC country code | nyu |
| 082 04 - DEWEY DECIMAL CLASSIFICATION NUMBER | |
| Classification number | 636.0896 |
| 100 1# - MAIN ENTRY--PERSONAL NAME | |
| Personal name | Jubb, K. V. F. |
| 9 (RLIN) | 976307 |
| 245 10 - TITLE STATEMENT | |
| Title | Pathology of domestic animals / |
| Statement of responsibility, etc. | K.V.F. Jubb and Peter C. Kennedy |
| 260 ## - PUBLICATION, DISTRIBUTION, ETC. | |
| Place of publication, distribution, etc. | New York : |
| Name of publisher, distributor, etc. | Academic Press, |
| Date of publication, distribution, etc. | 1963- |
| 300 ## - PHYSICAL DESCRIPTION | |
| Extent | -v. : |
| Other physical details | ill. ; |
| Dimensions | 28 cm. |
| 500 ## - GENERAL NOTE | |
| General note | Library has vol.1,2 |
| 500 ## - GENERAL NOTE | |
| General note | Includes index |
| 650 #0 - SUBJECT ADDED ENTRY--TOPICAL TERM | |
| Topical term or geographic name entry element | Veterinary pathology |
| 700 1# - ADDED ENTRY--PERSONAL NAME | |
| Personal name | Kennedy, Peter C. |
| Fuller form of name | (Peter Carleton), |
| Dates associated with a name | 1923-, |
| Relationship | jt.aut |
| 9 (RLIN) | 976308 |
| 887 ## - NON-MARC INFORMATION FIELD | |
| Content of non-MARC field | |
| 901 ## - LOCAL DATA ELEMENT A, LDA (RLIN) | |
| a | 358836 |
| b | 06.01.1964 |
| 9 | v.1 |
| 901 ## - LOCAL DATA ELEMENT A, LDA (RLIN) | |
| a | 362730 |
| b | 28.04.1964 |
| 9 | v.2 |
| 902 ## - LOCAL DATA ELEMENT B, LDB (RLIN) | |
| a | S.T 636.0896 J 872 |
| 942 ## - ADDED ENTRY ELEMENTS (KOHA) | |
| Source of classification or shelving scheme | Dewey Decimal Classification |
| Koha item type | Books |
| Withdrawn status | Lost status | Damaged status | Not for loan | Collection code | Home library | Current library | Shelving location | Date acquired | Total Checkouts | Full call number | Date last seen | Price effective from | Koha item type |
|---|---|---|---|---|---|---|---|---|---|---|---|---|---|
| National Library of India | National Library of India | S.T 636.0896 J 872 | 27/06/2021 | 27/06/2021 | Books |
